Cordiac status in typhoid fever (Record no. 86335)

MARC details
000 -LEADER
fixed length control field 00308nam a2200133Ia 4500
008 - FIXED-LENGTH DATA ELEMENTS--GENERAL INFORMATION
fixed length control field 230917s9999||||xx |||||||||||||| ||und||
040 ## - CATALOGING SOURCE
-- 93254
Original cataloging agency VIVEKANANDA LIBRARY
041 ## - Language
-- English
082 ## - DDC NUMBER
Classification number 610 B469C
100 ## - MAIN ENTRY--PERSONAL NAME
Personal name Bhutani, Manisha
245 #0 - TITLE STATEMENT
Title Cordiac status in typhoid fever
300 ## - PHYSICAL DESCRIPTION
Pages 90 p.
942 ## - ADDED ENTRY ELEMENTS (KOHA)
Koha item type Thesis
Holdings
Withdrawn status Lost status Damaged status Not for loan Location (home branch) Sublocation or collection (holding branch) Shelving location Date acquired Koha issues (times borrowed) Koha full call number Accession No. Koha date last seen Koha item type
        VIVEKANANDA LIBRARY VIVEKANANDA LIBRARY Reference 19/06/2003   610 B469C 165141 17/09/2023 Thesis
© Designed and Maintained by Vivekananda Library, MDU Rohtak